Trénink a školení

Gespeichert in:
Bibliographische Detailangaben
1. Verfasser: Buckley, Roger
Weitere Verfasser: Caple, Jim, Jungmann, Vilém
Format: Buch
Sprache:Tschechisch
Veröffentlicht: Brno Computer Press 2004
Schriftenreihe:Praxe manažera
business books
Schlagworte:
Tags: Tag hinzufügen
Keine Tags, Fügen Sie das erste Tag hinzu!

MARC

LEADER 00000nam$a2200000$$$4500
001 0025761
005 20240306141711.9
020 |a 80-251-0358-7 
041 0 |a cze 
044 |a CZ 
245 1 0 |a Trénink a školení  |c Roger Buckley, Jim Caple ; překlad: Vilém Jungmann 
264 1 |a Brno  |b Computer Press  |c 2004 
300 |a 288 s. 
490 1 |a Praxe manažera 
830 0 |a Praxe manažera 
490 1 |a business books 
830 0 |a business books 
610 2 0 |a školenie odborné 
610 2 0 |a zdroje ľudské 
610 2 0 |a rozvoj pracovníkov 
610 2 0 |a vzdelávanie 
610 2 0 |a stratégia podniková 
610 2 0 |a riadenie znalostí 
610 2 0 |a plánovanie síl pracovných 
610 2 0 |a analýza práce 
100 1 |a Buckley, Roger 
700 1 |a Caple, Jim 
700 1 |a Jungmann, Vilém